A Manual on Clinical Surgery (Record no. 22853)

MARC details
000 -LEADER
fixed length control field 00383nam a22001697a 4500
003 - CONTROL NUMBER IDENTIFIER
control field SGT
020 ## - INTERNATIONAL STANDARD BOOK NUMBER
International Standard Book Number 978819056810
082 ## - DEWEY DECIMAL CLASSIFICATION NUMBER
Classification number 617
Item number M21D
100 ## - MAIN ENTRY--PERSONAL NAME
Personal name Das, Somen
245 ## - TITLE STATEMENT
Title A Manual on Clinical Surgery
250 ## - EDITION STATEMENT
Edition statement 15th
260 ## - PUBLICATION, DISTRIBUTION, ETC. (IMPRINT)
Name of publisher, distributor, etc S. D. Publications
Year of Publication 2021
300 ## - PAGE DESCRIPTION
No. of Pages 648
650 ## - SUBJECT ADDED ENTRY--TOPICAL TERM
Topical term or geographic name as entry element Clinical Surgery
653 ## - KEYWORDS--INDEX TERM
Keyword term Clinical Surgery; Surgery
942 ## - ADDED ENTRY ELEMENTS (KOHA)
Source of classification or shelving scheme Dewey Decimal Classification
Koha item type Books
942 ## - ADDED ENTRY ELEMENTS (KOHA)
-- 73
Holdings
Withdrawn status Lost status Source of classification or shelving scheme Damaged status Not for loan Home library Current library Date acquired Vendor Name Cost, normal purchase price SGTU Bill Number Total Checkouts Full call number Accession No. (Barcode) Date last seen Date last borrowed Bill Date Koha item type Checked out
    Dewey Decimal Classification     SGT Dental Library SGT Dental Library 11/06/2022 Ahuja Book Co. Pvt. Ltd. 1480.00 SGTU 14481 27 617 M21D FD8942 19/12/2025 18/12/2025 19/05/2022 Books  
    Dewey Decimal Classification     SGT Dental Library SGT Dental Library 11/06/2022 Ahuja Book Co. Pvt. Ltd. 1480.00 SGTU 14481 4 617 M21D FD8943 04/11/2025 03/11/2025 19/05/2022 Books  
    Dewey Decimal Classification     SGT Dental Library SGT Dental Library 11/06/2022 Ahuja Book Co. Pvt. Ltd. 1480.00 SGTU 14481 30 617 M21D FD8944 04/06/2026 04/06/2026 19/05/2022 Books 18/06/2026
    Dewey Decimal Classification     SGT Dental Library SGT Dental Library 11/06/2022 Ahuja Book Co. Pvt. Ltd. 1480.00 SGTU 14481 17 617 M21D FD8945 04/11/2025 03/11/2025 19/05/2022 Books  
    Dewey Decimal Classification     SGT Dental Library SGT Dental Library 11/06/2022 Ahuja Book Co. Pvt. Ltd. 1480.00 SGTU 14481 10 617 M21D FD8946 07/11/2025 03/11/2025 19/05/2022 Books